Programing in java 5.0 (Record no. 140669)

MARC details
000 -LEADER
fixed length control field 00356nam a2200145Ia 4500
008 - FIXED-LENGTH DATA ELEMENTS--GENERAL INFORMATION
fixed length control field 230917s9999||||xx |||||||||||||| ||und||
040 ## - CATALOGING SOURCE
-- 116113
Original cataloging agency VIVEKANANDA LIBRARY
041 ## - Language
-- English
082 ## - DDC NUMBER
Classification number 005.133 C661P
100 ## - MAIN ENTRY--PERSONAL NAME
Personal name Cohoon, James p
245 #0 - TITLE STATEMENT
Title Programing in java 5.0
260 ## - PUBLICATION, DISTRIBUTION, ETC. (IMPRINT)
Place of publication, distribution, etc New Delhi
Name of publisher, distributor, etc Tata McGraw-Hill
Date of publication, distribution, etc 2007
300 ## - PHYSICAL DESCRIPTION
Pages 919 p.
942 ## - ADDED ENTRY ELEMENTS (KOHA)
Koha item type Books
Holdings
Withdrawn status Lost status Damaged status Not for loan Location (home branch) Sublocation or collection (holding branch) Date acquired Koha issues (times borrowed) Koha full call number Accession No. Koha date last seen Koha item type
        VIVEKANANDA LIBRARY VIVEKANANDA LIBRARY 18/06/2008   005.133 C661P 244896 17/09/2023 Books
© Designed and Maintained by Vivekananda Library, MDU Rohtak